00682nam a2200229Ia 4500003000900000008004100009040001300050040001300063041000800076100002100084245005100105250001200156260000800168260000900176300001100185300001000196490003500206490000600241942000700247999001700254952018100271IT-RoPAU120407s9999 xx 000 0 und d aIT-RoPAU cIT-RoPAU aita aJean Radermakers aLettura pastorale del Vangelo di Marco. 2a ed. aBologna aEDB c1981 a351 p. c24 cm aLettura pastorale della BIbbia v1 cBK c33211d33211 00102ddc406226_76000000000000071aPAULUSbPAULUSd2012-04-11l0o226.76r2012-04-11 00:00:00w2012-04-11yBKzInserito da: In data: n.d. fondo: Via A.Severo 56 Progr:24490